000 00704nam a2200265Ia 4500
008 160621s9999 xx 000 0 und d
020 _a978-1-4180-1142-0
050 _aComSc TR 267
050 _b.T65 2007
100 _aToland, Toni.
245 _aBest practice :
245 _bthe pros on Adobe Photoshop /
245 _cToni Toland.
260 _aAustralia :
260 _bThomson Delmar Learning,
260 _c2007
300 _a235 pages :
300 _billustrations ;
300 _c25 cm.
300 _eCD-ROM
500 _aIncludes index.
650 _aAdobe Photoshop.
650 _aImage processing -- Digital techniques.
650 _xPhotography -- Digital techniques.
999 _c296069
_d296069